000 00631nam a2200181Ia 4500
008 090630s9999 xx 000 0 und d
082 _b15257
100 _aकुळकर्णी नलिनी.
245 _aदृष्ट राक्षस.
_cकुळकर्णी नलिनी.
260 _bअमोल - पुणे.
300 _a0
600 _aकुळकर्णी नलिनी.
630 _aदृष्ट राक्षस.
655 _aबालवाङमय.
700 _aकुळकर्णी नलिनी.
730 _aदृष्ट राक्षस.
942 _cBOOK
999 _c267113
_d267113